000 01311nam a2200349 c 4500
003 BLK
005 20190723084023.0
008 180408b bul|||||r ||||||| ||bul||
010 _aKNG00078127000
020 _a84-7151-732-9
_bиздат.: Verbo Divino
040 _aBLK
041 _aBUL
_cBUL
072 7 _2bullib
_aН86
_xДетска отраслова литература Н
080 _aСвещено писание. Библия. Стар и Нов завет
_b22
_x(082)
_z22(082)
139 _aБог говори на своите деца
_bБ 54
245 1 0 _aБог говори на своите деца
_bТекстове от Библията
257 _aSPA
260 Baranain
_bVerbo Divino
_c2003
_fPrint. in Spain
300 _a96 с.
_bс ил.
_c19 см
380 _a2
500 _aИзд. на Междунар. католическо спомагателно о-во Kirche in Not.
650 4 _aБиблия
_9148564
653 _aБиблия
653 _aлитература за деца
653 _aдетска литература
659 _aН
852 _aЦб 253250
856 4 _qpdf
_u
856 4 _qpdf
_u
942 _cKNG
_n0
_04
944 _aCR
_c20.10.2011
_lф /
_kЛюдмила_Стоянова
944 _aED
_c21.02.2018
_lф /
_kЛюдмила_Стоянова
999 _c73732
_d73732